Normal view
MARC view
- Guided missiles
Entry Topical Term
001 - CONTROL NUMBER
- control field: 110914
003 - CONTROL NUMBER IDENTIFIER
- control field: NUST
005 - DATE AND TIME OF LATEST TRANSACTION
- control field: 20230321142248.0
008 - FIXED-LENGTH DATA ELEMENTS
- fixed length control field: 230321|| aca||aabn | a|a d
040 ## - CATALOGING SOURCE
- Original cataloging agency: NUST
- Transcribing agency: NUST
150 ## - HEADING--TOPICAL TERM
- Topical term or geographic name entry element: Guided missiles
- General subdivision: Materials
670 ## - SOURCE DATA FOUND
- Source citation: Work cat.: (NUST)0: Parker, Earl R. (Earl Randall), 1912- ed. 110912, Materials for missiles and spacecraft, [1963]
